Normal view
MARC view
Entry Topical Term
001 - CONTROL NUMBER
- control field: 10580
003 - CONTROL NUMBER IDENTIFIER
- control field: BD-RjUL
005 - DATE AND TIME OF LATEST TRANSACTION
- control field: 20231218110111.0
008 - FIXED-LENGTH DATA ELEMENTS
- fixed length control field: 231218|| aca||aabn | a|a d
040 ## - CATALOGING SOURCE
- Original cataloging agency: BD-RjUL
- Transcribing agency: BD-RjUL
150 ## - HEADING--TOPICAL TERM
- Topical term or geographic name entry element: persin Poem
670 ## - SOURCE DATA FOUND
- Source citation: Work cat.: (BD-RjUL)82487: الہی، محبوب، ;;; Ilāhī, Maḥbūb 1894 10578, دىوان غزلىات نظىرى نىشابورى / Dīvān-i ghazalīāt-i Naẓīrī Nīshābūrī / , 1935